| 000 | 00404 a2200157 4500 | ||
|---|---|---|---|
| 999 |
_c321020 _d321020 |
||
| 001 | 85947 | ||
| 003 | NUST | ||
| 005 | 20180124095505.0 | ||
| 008 | 180122b xxu||||| |||| 00| 0 eng d | ||
| 020 | _a0155035797 | ||
| 082 | _a599.9 HAV | ||
| 100 |
_aWilliam A Haviland _99407 |
||
| 245 |
_aHuman evolution and prehistory _hEnglish |
||
| 250 | _a4th | ||
| 260 |
_aFort Worth _b College Publishers _c1997 |
||
| 300 | _axxiii, 364 p | ||
| 500 | _aGifted By AM Masood Akhtar | ||
| 942 |
_acaenust _cBK _k599.9 HAV _2ddc |
||